Statistics for Country to following Capital in Alphabetical order and Back: from Andorra to Andorra

Click here to take the quiz!

General Stats

  • This quiz has been taken 60 times
  • The average score is 57 of 155

Answer Stats

Andorra % Correct
Ankara
100%
Turkmenistan
81%
Asmara
81%
El Salvador
75%
Burundi
75%
Sana'a
75%
Naypyidaw
75%
Luxembourg
75%
Macedonia
75%
Bahamas
75%
Zambia
75%
Cairo
75%
Vanuatu
75%
Tashkent
75%
Baku
75%
Port-au-Prince
75%
Estonia
75%
Honduras
75%
Iraq
75%
Tehran
75%
San Salvador
69%
San Marino
69%
Equatorial Guinea
69%
Apia
69%
Bandar Seri Begawan
69%
Madagascar
69%
Bulgaria
69%
Mali
69%
Malé
69%
Taipei
69%
Palikir
69%
Burkina Faso
69%
Skopje
69%
Fiji
69%
Sofia
69%
Freetown
69%
Singapore
69%
Tajikistan
69%
South Tarawa
50%
Riga
44%
Lebanon
44%
Budapest
44%
Belgrade
44%
Iceland
44%
Azerbaijan
44%
Bamako
44%
Romania
44%
Vienna
44%
Seychelles
44%
Singapore
44%
Norway
44%
Pyongyang
44%
Brazzaville
44%
Cape Verde
44%
Ottawa
44%
Pretoria, Cape Town or Bloemfontein
44%
Kosovo
44%
Slovakia
44%
South Korea
44%
Dakar
38%
Serbia
38%
Benin
38%
Denmark
38%
Belmopan
38%
Vatican City
38%
Malta
38%
Kinshasa
38%
Venezuela
38%
Castries
38%
Saint Vincent and the Grenadines
38%
Kuala Lumpur
31%
Algiers
31%
Democratic Republic of the Congo
31%
Prague
31%
North Korea
25%
Quito
25%
Egypt
25%
Abuja
25%
United Arab Emirates
25%
Paris
25%
Gabon
25%
Sudan
25%
Kiev
25%
Canberra
25%
Austria
25%
Taiwan
25%
Tallinn
25%
Ethiopia
25%
Suriname
25%
Damascus
25%
Latvia
25%
Riyadh
25%
Senegal
25%
Vientiane
25%
Czech Republic
25%
Khartoum
25%
Banjul
25%
Georgia
25%
Tegucigalpa
25%
Central African Republic
25%
Praia
25%
Managua
25%
Niger
25%
Cameroon
25%
Nicosia
25%
Hungary
25%
Buenos Aires
25%
Phnom Penh
25%
Yaren
25%
Nepal
25%
Maldives
25%
France
25%
Armenia
25%
Helsinki
25%
Cuba
25%
Zagreb
25%
Sri Jayawardenapura Kotte
19%
Lilongwe
19%
Italy
13%
Guatemala City
13%
Guinea
13%
Copenhagen
13%
Guyana
13%
Bissau
13%
Malaysia
13%
Kuwait City
13%
Kyrgyzstan
13%
Djibouti
13%
Dodoma
13%
Indonesia
13%
Jerusalem
13%
Roseau
13%
New Delhi
13%
Chad
13%
Thailand
13%
Bangui
13%
Dominican Republic
13%
Ashgabat
6%
Kingstown
6%
Samoa
6%
Tuvalu
6%
Jamaica
6%
Rome
6%
São Tomé
6%
Saudi Arabia
6%
Gaborone
6%
Brazil
6%
Oslo
6%
Oman
6%
Nairobi
6%
Tonga
6%
Lomé
6%
Bratislava
6%
Slovenia
6%
Kiribati
6%

Score Distribution

Percentile by Number Answered

Percent of People with Each Score

Your Score History

You have not taken this quiz